Syntéza, štruktúrne a magnetické vlastnosti jedno- a viacjadrových komplexov železa s pentadentátnymi N3O2 Schiffovými ligandami
Na minha lista:
| Autor principal: | |
|---|---|
| Outros Autores: | |
| Formato: | Manuscrito Livro |
| Idioma: | eslovaco |
| Publicado em: |
2015
|
| Assuntos: | |
| Acesso em linha: | http://is.stuba.sk/zp/portal_zp.pl?podrobnosti=113135 |
| Tags: |
Sem tags, seja o primeiro a adicionar uma tag!
|
MARC
| LEADER | 00000ntm a22000003a 4500 | ||
|---|---|---|---|
| 001 | stuzp52919 | ||
| 003 | SK-STU | ||
| 005 | 20160719154324.3 | ||
| 007 | ta | ||
| 008 | 150427s2015----xo-----f-mn---000-0-slo-d | ||
| 040 | |a STU |b slo | ||
| 041 | 0 | |a slo | |
| 100 | 1 | |a Brachňaková, Barbora |u 042190 |4 aut |U FCHPT Ústav anorganickej chémie, technológie a materiálov |T FCHPT Oddelenie anorganickej chémie |X 68756 |U C2190 |Y 112 |7 68756 | |
| 242 | 0 | 1 | |a Synthesis, Structural and Magnetic Properties of Mono- and Polynuclear Iron(III) Compelexes with Pentadentate N3O2 Schiff Base Ligands |y eng |
| 245 | 1 | 0 | |a Syntéza, štruktúrne a magnetické vlastnosti jedno- a viacjadrových komplexov železa s pentadentátnymi N3O2 Schiffovými ligandami |
| 260 | |c 2015 | ||
| 650 | 4 | |a spin crossover |2 slo | |
| 650 | 4 | |a koordinačná zlúčenina |2 slo | |
| 650 | 4 | |a magnetické vlastnosti |2 slo | |
| 650 | 4 | |a coordination compound |2 eng | |
| 650 | 4 | |a spin crossover |2 eng | |
| 650 | 4 | |a magnetic properties |2 eng | |
| 700 | 1 | |a Šalitroš, Ivan, |d 1982- |4 ths |X 19338 |7 A000019338 | |
| 856 | 4 | |u http://is.stuba.sk/zp/portal_zp.pl?podrobnosti=113135 | |
| SQL | |a stuzp52919 |b DDP |c SLO |d Syntéza, štruktúrne a magnetické vlastnosti jedno- a viacjadrových komplexov železa s pentadentátnymi N3O2 Schiffovými ligandami |e 68756 |f Brachňaková, Barbora |g 042190 |h 19338 |i Šalitroš, Ivan |j 20150608 |k 127 |l 04 |m http://is.stuba.sk/zp/portal_zp.pl?podrobnosti=113135 |n I-oTCHEM |o 4.1.14. chémia, 5.2.18. chemické technológie | ||